Southville International School and Colleges
Your cart is empty.
  • Cart
  • Lists
    Public lists Eva Luna New books Lux_list list_1
    Your lists Log in to create your own lists
  • Log in to your account
  • Your cookies
  • Search history
Southville International School and Colleges
  • Advanced search
  • Recent comments
  • Most popular
  • Libraries

Log in to your account

Log in with GOOGLE


If you do not have an external account, but do have a local account, you can still log in:

  1. Home
  2. MARC view: Physical fitness in today's school /
Normal view MARC view ISBD view

Physical fitness in today's school / (Record no. 102580)

[ view plain ]
MARC details
000 -LEADER
fixed length control field 00546nam a2200181 a 4500
005 - DATE AND TIME OF LATEST TRANSACTION
control field 20140412111238.0
008 - FIXED-LENGTH DATA ELEMENTS--GENERAL INFORMATION
fixed length control field 001120s19uu xx 00 eng d
020 ## - INTERNATIONAL STANDARD BOOK NUMBER
International Standard Book Number 971-08-4373-7
050 ## - LIBRARY OF CONGRESS CALL NUMBER
Classification number TR(GS 372.8
Item number RIV
100 ## - MAIN ENTRY--PERSONAL NAME
Personal name Rivera, Aquilino R.
245 ## - TITLE STATEMENT
Title Physical fitness in today's school /
Statement of responsibility, etc Aquilino R. Rivera.
260 ## - PUBLICATION, DISTRIBUTION, ETC. (IMPRINT)
Place of publication, distribution, etc Manila, Phil :
Name of publisher, distributor, etc National Book Store, Inc,
Date of publication, distribution, etc 1986.
300 ## - PHYSICAL DESCRIPTION
Extent 86 p.
650 ## - SUBJECT ADDED ENTRY--TOPICAL TERM
Topical term or geographic name as entry element Physical fitness -- study and teaching
650 ## - SUBJECT ADDED ENTRY--TOPICAL TERM
Topical term or geographic name as entry element Physical education
650 ## - SUBJECT ADDED ENTRY--TOPICAL TERM
Topical term or geographic name as entry element Movement education
Holdings
Withdrawn status Lost status Damaged status Home library Current library Shelving location Date acquired Total Checkouts Full call number Barcode Date last seen Price effective from Koha item type
      Elizalde Library Elizalde Library Teachers Reference Section 11/20/2000   TR(GS 372.8 RIV E2093 04/12/2014 04/12/2014 Books

Physical fitness in today's school /

APA

Rivera A. R., . (1986). Physical fitness in today's school. Manila, Phil: National Book Store, Inc.

Chicago

Rivera Aquilino R, . 1986. Physical fitness in today's school. Manila, Phil: National Book Store, Inc.

Harvard

Rivera A. R., . (1986). Physical fitness in today's school. Manila, Phil: National Book Store, Inc.

MLA

Rivera Aquilino R, . Physical fitness in today's school. Manila, Phil: National Book Store, Inc. 1986.

  • Place hold
  • Print
  • Cite
  • Add to your cart (remove)
  • Save record
    BIBTEX Dublin Core MARCXML MARC (non-Unicode/MARC-8) MARC (Unicode/UTF-8) MARC (Unicode/UTF-8, Standard) MODS (XML) RIS
  • More searches
    Search for this title in:
    Other Libraries (WorldCat) Other Databases (Google Scholar) Online Stores (Bookfinder.com) Open Library (openlibrary.org)

Exporting to Dublin Core...

SOUTHVILLE LIBRARY

Southville International School and Colleges Library

1281 Tropical Ave. Cor. Luxembourg St., BF Homes International, Las Pinas City

Tel. No. 8256374 / 252358 Loc. 117/146

Powered by Koha